[Event "CRO-chT2 Ost"]
[Site "Croatia"]
[Date "2016.04.17"]
[Round "3.16"]
[White "Kanjkovic, Marijan"]
[Black "Faletar, Slavko"]
[Result "1/2-1/2"]
[WhiteElo "1913"]
[BlackElo "1850"]
[PlyCount "95"]
[EventDate "2016.04.16"]
[EventType "team-tourn"]
[EventRounds "11"]
[EventCountry "CRO"]
[SourceTitle "EXT 2019"]
[Source "ChessBase"]
[SourceDate "2018.10.10"]
[SourceVersion "1"]
[SourceVersionDate "2018.10.10"]
[SourceQuality "1"]

1. d4 Nf6 2. Nc3 d5 3. Qd3 c6 4. e4 dxe4 5. Nxe4 Nxe4 6. Qxe4 g6 7. c3 Bg7 8. Bc4 0-0 9. Nf3 Bf5 10. Qh4 b5 11. Bb3 e6 12. Bg5 f6 13. Be3 Re8 14. 0-0 Nd7 15. Rfd1 g5 16. Qh5 Bg6 17. Qh3 Qe7 18. Qg3 a5 19. a3 Nb6 20. h4 h6 21. hxg5 hxg5 22. Qg4 Qf7 23. Re1 Nd5 24. Bd2 Bf5 25. Qg3 Rad8 26. a4 b4 27. Bxd5 cxd5 28. cxb4 Bf8 29. Nxg5 fxg5 30. Bxg5 Qg6 31. Qh4 Rd7 32. Re3 Bd6 33. Bf4 Rh7 34. Qg5 Qxg5 35. Bxg5 Bh2+ 36. Kf1 Bf4 37. Bxf4 Rh1+ 38. Ke2 Rxa1 39. b5 Rxa4 40. Bd6 Rxd4 41. b6 Rc4 42. Rb3 d4 43. b7 d3+ 44. Kd1 d2 45. b8Q Rxb8 46. Rxb8+ Kh7 47. Be5 Rc5 48. Bc3 1/2-1/2

[Event "CRO-chT3 East-A"]
[Site "Croatia"]
[Date "2005.04.03"]
[Round "3.4"]
[White "Kanjkovic, Marijan"]
[Black "Plavsic, Momir"]
[Result "1/2-1/2"]
[WhiteElo "1996"]
[BlackElo "1940"]
[PlyCount "56"]
[EventDate "2005.03.13"]
[EventType "team-tourn"]
[EventRounds "11"]
[EventCountry "CRO"]
[SourceTitle "EXT 2007"]
[Source "ChessBase"]
[SourceDate "2006.11.23"]
[SourceVersion "1"]
[SourceVersionDate "2006.11.23"]
[SourceQuality "1"]
[WhiteTeam "Pleternica"]
[BlackTeam "Pakrac"]
[WhiteTeamCountry "CRO"]
[BlackTeamCountry "CRO"]

1. d4 Nf6 2. Nf3 d5 3. Bg5 e6 4. Nbd2 Be7 5. Bxf6 Bxf6 6. e4 c6 7. c3 0-0 8. e5 Be7 9. Bd3 Nd7 10. 0-0 f5 11. exf6 Bxf6 12. Re1 Re8 13. Ne5 Bxe5 14. dxe5 Nc5 15. Bc2 a5 16. Re3 Nd7 17. Qh5 Nf8 18. Rae1 Qe7 19. Rg3 Qf7 20. Qh4 Bd7 21. Ree3 g6 22. Ref3 Qg7 23. Rf6 Re7 24. Re3 c5 25. Nf1 Bc6 26. Qh3 Rae8 27. Rg3 Rf7 28. Rgf3 Rfe7 1/2-1/2

[Event "CRO-chT3 East-A"]
[Site "Croatia"]
[Date "2005.03.20"]
[Round "2.2"]
[White "Culjak, Miroslav"]
[Black "Kanjkovic, Marijan"]
[Result "1/2-1/2"]
[WhiteElo "2027"]
[BlackElo "1996"]
[PlyCount "108"]
[EventDate "2005.03.13"]
[EventType "team-tourn"]
[EventRounds "11"]
[EventCountry "CRO"]
[SourceTitle "EXT 2007"]
[Source "ChessBase"]
[SourceDate "2006.11.23"]
[SourceVersion "1"]
[SourceVersionDate "2006.11.23"]
[SourceQuality "1"]
[WhiteTeam "Stari Slatinik"]
[BlackTeam "Pleternica"]
[WhiteTeamCountry "CRO"]
[BlackTeamCountry "CRO"]

1. e4 c5 2. Nc3 e6 3. g3 a6 4. Bg2 Nc6 5. a4 Nf6 6. Nge2 Be7 7. 0-0 0-0 8. d4 cxd4 9. Nxd4 Qc7 10. Nxc6 dxc6 11. a5 Bb4 12. Be3 Bxa5 13. Na4 Qd8 14. Qe2 Nd7 15. c3 Bc7 16. Rfd1 b5 17. Nc5 Qe7 18. b4 Rd8 19. f4 Bb6 20. Nb3 Rb8 21. Bxb6 Nxb6 22. Nc5 Ra8 23. Nb3 Ra7 24. Nc5 Rxd1+ 25. Qxd1 g6 26. Qd4 e5 27. fxe5 Nc4 28. Rd1 Bg4 29. Ra1 a5 30. bxa5 Nxe5 31. a6 Nd7 32. Nxd7 Qxd7 33. Qc5 Qc7 34. e5 Bc8 35. Qxc6 Qxc6 36. Bxc6 Rxa6 37. Rxa6 Bxa6 38. Kf2 Kf8 39. Ke3 Ke7 40. Kd4 f6 41. exf6+ Kxf6 42. Kc5 Ke7 43. Kb6 Kd6 44. Be8 Bc8 45. Bxb5 g5 46. c4 h5 47. c5+ Kd5 48. Be8 h4 49. Kc7 Kxc5 50. Kxc8 Kd4 51. Kd7 hxg3 52. hxg3 g4 53. Kd6 Ke3 54. Ke5 Kf3 1/2-1/2